1919 1959 1869 1291 1093 1687 1153 1808 1104 1340 1708 1718 1195 1064 1811 1717 1623 1411 1039 1735 1759 1416 1870 1086 1140 1202 1555 1788 1764 1018 1100 1304 1410 1214 1417 1583 1370 1087 1223 1214 1599 1212 1337 1905 1852 1675 1658 1676 1695 1518 1839 1287 1101 1449 1548 1690 1080 1302 1903 1518 1129 1707 1172 1856 1273 1979 1476 1320 1641 1902 1433 1336 1494 1932 1845 1150 1643 1761 1240 1683 1991 1625 1928 1043 1716 1758 1537 1663 1733 1426 1043 1551 1434 1501 1929 1187 1846 1385 1758 BCNSPRNW ULIB Ver.6.0+V

เปลี่ยนเป็นภาษาไทย

Change to English
 แสดงรายละเอียดบรรณานุกรม
  กลับหน้าหลัก

Brief Record : Get Marc (ISO 2709) : E-mail record : QR code < ปิดหน้าต่าง
LEADER : 00000nam 2200000uu 4500
001    13399128320
003     ULIB
008    230607s||||||||th 000 0 tha d
020    ^a9786161112387
060 04 ^aWY159^bพ231ก ล.2
100 0  ^aพรทิพย์ ศิริบูรณ์พิพัฒนา,^eบรรณาธิการ
245 00 ^aการพยาบาลเด็ก เล่ม 2 /^cบรรณาธิการ, พรทิพย์ ศิริบูรณ์พิพัฒนา
250    ^aพิมพ์ครั้งที่ 6
260    ^aนนทบุรี :^bโครงการสวัสดิการวิชาการ สถาบันพระบรมราชชนกกระทรวงสาธารณสุข,^c2565
300    ^a556 หน้า :^bภาพประกอบ
650  7 ^aการพยาบาลกุมารเวชศาสตร์
710 2  ^aกระทรวงสาธารณสุข
710 2  ^aสถาบันพระบรมราชราชชนก ^bโครงการสวัสดิการวิชาการ
945    ^p300^l0^i29516
945    ^p300^l0^i29517
945    ^p300^l0^i29518
945    ^p300^l0^i29519
945    ^p300^l0^i29520
995    ^aกัณชพร
999    ^aใช้งานได้ทุกระบบ
รายการนี้ยังไม่มีแท็ก
คุณยังไม่ได้ล็อกอิน คุณสามารถมีกิจกรรมร่วมกับเว็บไซต์ได้ แต่ต้องล็อกอินก่อน ::
  ล็อกอิน

รายการสื่อสารสนเทศ

ลำดับที่ ประเภท เลขเรียก/บาร์โค้ด สถานที่ สถานะ
1. หนังสือสำรอง
หนังสือสำรอง
WY159 พ231ก ล.2 ฉ.1 
  Barcode: 29516
ห้องสมุดวิทยาเขตนครสวรรค์
►หนังสือทั่วไป:l:General Books
บนชั้น
2. วิทยาศาสตร์การแพทย์ และสุขภาพ
วิทยาศาสตร์การแพทย์ และสุขภาพ
WY159 พ231ก ล.2 ฉ.2 
  Barcode: 29517
ห้องสมุดวิทยาเขตนครสวรรค์
►หนังสือทั่วไป:l:General Books
ถูกยืม กำหนดส่งวันที่ 16 พฤษภาคม 2568
  จอง
3. วิทยาศาสตร์การแพทย์ และสุขภาพ
วิทยาศาสตร์การแพทย์ และสุขภาพ
WY159 พ231ก ล.2 ฉ.3 
  Barcode: 29518
ห้องสมุดวิทยาเขตนครสวรรค์
►หนังสือทั่วไป:l:General Books
บนชั้น
4. วิทยาศาสตร์การแพทย์ และสุขภาพ
วิทยาศาสตร์การแพทย์ และสุขภาพ
WY159 พ231ก ล.2 ฉ.4 
  Barcode: 29519
ห้องสมุดวิทยาเขตนครสวรรค์
►หนังสือทั่วไป:l:General Books
บนชั้น
5. วิทยาศาสตร์การแพทย์ และสุขภาพ
วิทยาศาสตร์การแพทย์ และสุขภาพ
WY159 พ231ก ล.2 ฉ.5 
  Barcode: 29520
ห้องสมุดวิทยาเขตนครสวรรค์
►หนังสือทั่วไป:l:General Books
ถูกยืม กำหนดส่งวันที่ 20 พฤษภาคม 2569
  จอง

รายการใกล้เคียง
    ผู้แต่ง [พรทิพย์ ศิริบูรณ์พิพัฒนา, บรรณาธิการ]

    หัวเรื่อง [การพยาบาลกุมารเวชศาสตร์]

BibComment


ยังไม่เคยถูกคอมเมนท์

คอมเมนท์ทรัพยากรรายการนี้
  คอมเมนท์: การพยาบาลเด็ก เล..


 Copyright 2026. Bcnsprnw @Library